LEADER 01269nam a2200217 4500 001 000000342325 003 CaOOAMICUS 005 20200928135101.0 008 200928s1816 it 000 u ita r 026 $ai-la .... .... V.Be (3) 1816 (A) 040 $aSeMil$bita 110 11$aRegno Lombardo-Veneto.$0(OLS)http://semarc/name/1951 245 00$aRepertorio alfabetico dei paesi del Regno Lombardo-Veneto posti sotto l'amministrazione dell'I. R. Governo di Milano classificato per province, distretti, comuni e frazioni di comuni ... 264 1$aMilano :$bNella tipografia di Giovanni Bernardoni, corsia s. Marcellino n. 1799,$c1816. 300 $a256 p. :$bin gran parte tab. ;$c8° 710 0 $aBernardoni, Giovanni .$0(OLS)http://semarc/name/7827 850 $aSeMil 852 $aSeMil$W1$xVenegono$y1$m3XG III 13 FA$j221624$B233294$CSeMilBibl$Z2$F233294 $8I 996 $6245$aRepertorio alfabetico dei paesi del Regno Lombardo-Veneto posti sotto l'amministrazione dell'I. R. Governo di Milano classificato per province, distretti, comuni e frazioni di comuni ...$9(OLS)http://semarc/title/431172 996 $6264$aMilano :$bNella tipografia di Giovanni Bernardoni, corsia s. Marcellino n. 1799$9(OLS)http://semarc/publisher/59328 LEADER 00701nas a2200169 i 4500 001 000000002664 003 CaOOAMICUS 005 20180830125436.0 008 180830s1958 it uu u0 0ita r 040 $aSeMil$bita 245 10$aQuaderni di Libri e Riviste d'Italia. 260 $aRoma :$bPresidenza del Consiglio dei Ministri,$c1958. 500 $aConsistenza: N° 1 (1958) - n° 6 (1960). 700 1 $aItalia : Presidenza del Consiglio dei Ministri .$0(OLS)http://semarc/name/1896 774 0 $tTitolo mancante.$w()132628 996 $6245$aQuaderni di Libri e Riviste d'Italia$9(OLS)http://semarc/title/4514 996 $6260$aRoma :$bPresidenza del Consiglio dei Ministri$9(OLS)http://semarc/publisher/30849